LEADER 02019nam 2200469 450 001 000011448 005 20050718115400.0 010 $a3-540-54700-2 100 $a20020829d1993----km-y0itay0103----ba 101 0 $aeng 102 $aUS 200 1 $aAlgebra VII$ecombinatorial group theory, applications to geometry$fA. N. Parshin, I. R. Shafarevich (Eds.) 210 $aBerlin [etc.]$cSpringer$dc1993 215 $a240 p.$cill.$d24 cm. 225 1 $aEncyclopaedia of mathematical sciences$v58 606 $aTeoria dei gruppi 606 $aAlgebra 676 $a512.2$v(20. ed.)$9Gruppi e teoria dei gruppi 691 $a20Exx$9Group theory and generalizations. Srtucture and classification of infinite or finite groups 691 $a20Fxx$9Group theory and generalizations. Special aspects of infinite or finite groups 691 $a20H10$9Group theory and generalizations. Other groups of matrices. Fuchsian groups and their generalizations 691 $a20J05$9Group theory and generalizations. Connections with homological algebra and category theory. Homological methods in group theory 691 $a57Mxx$9Manifolds and cell complexes. Low-dimensional topology 691 $a57N10$9Manifolds and cell complexes. Topological manifolds. Topology of general 3-manifolds 691 $a68Qxx$9Computer science. Theory of computing 702 1$aParshin,$bA. N 702 1$aShafarevich,$bI. R 801 0$aIT$bUniversità della Basilicata - B.I.A.$gRICA$2unimarc 912 $a000011448 996 $aAlgebra VII$979761 997 $aUNIBAS BAS $aMONSCI BAS $aMONOGR BAS $aSCIENZE CAT $aEXT002$b01$c20020829$lBAS01$h1105 CAT $c20050601$lBAS01$h1754 CAT $abatch$b01$c20050718$lBAS01$h1051 CAT $c20050718$lBAS01$h1110 CAT $c20050718$lBAS01$h1140 CAT $c20050718$lBAS01$h1154 FMT Z30 -1$lBAS01$LBAS01$mBOOK$1BASA5$ADipartimento Matematica$2GEN$BCollezione generale$3MAT$62955$5M2955$820020829$f51$FRiservati